000 00351pam a2200157a 44500
008 230515b1992 xxu||||| |||| 00| 0 eng d
020 _aNULL
041 _aENGLISH
082 _aN.D.
100 _aJagdish Lal
245 _aHydraulic Machines Fluidics
250 _a0
260 _aNULL
_bDr. Jagdish Lal
_c1992
300 _a585
650 _aNULL
999 _c575369
_d575369